Mapa Moravy mědiryt z roku 1625 ze sbírek Muzea města Brna /

Hlavní autor: Keere, Pieter van den, 1571-asi 1646
Korporativní autor: Bolit (firma)
Jazyk: Čeština
Vydáno: Brno : BOLIT-B Press, 1995
Témata:
Externí odkaz: Digitalizovaný dokument
Fyzický popis: 1 mapa : barev. ; 35 x 48 cm, na listu 44 x 54 cm
Language note: Reprodukovaná mapa latinsky a německy, text o reprodukované mapě česky
Mapy
Uloženo v:
LEADER 02059nem a2200517 a 4500
001 000030759
003 CZ BrMZK
005 20160616152322.0
007 aj|ca|||
008 010907s1995 xr a 0 cze d
020 |a 80-901574-2-4 
034 0 |a a  |d E0152737  |e E0182834  |f N0501256  |g N0483317 
040 |a BOA001  |b cze 
043 |a e-xr---  |b e-xr-mr  |2 czenas 
072 7 |a 913:94  |x Historická geografie  |2 Konspekt  |9 7 
072 7 |a 912  |x Mapy. Atlasy. Glóby  |2 Konspekt  |9 7 
080 |a 912(437.2):762.11  |2 MRF 
080 |a 762.11:912(437.2)  |2 MRF 
080 |a 912(437.2)(091)  |2 MRF 
080 |a (437.32)  |2 MRF 
080 |a (437.322)  |2 MRF 
080 |a (437.325)  |2 MRF 
080 |a (084.3.035)904  |2 MRF 
080 |a (084.1)  |2 MRF 
100 1 |a Keere, Pieter van den,  |d 1571-asi 1646  |7 jn19992000406  |4 ctg 
245 1 0 |a Mapa Moravy  |h [kartografický dokument] :  |b mědiryt z roku 1625 ze sbírek Muzea města Brna /  |c Petrus Kaerius 
246 3 3 |a Moravia Marchionatus = Merhern 
246 3 3 |a Petr Kaerius - Mapa Moravy 
255 |a Měřítko 6,6 cm = 3,5 Milliaria Moravica et Hungarica  |c (015°27´37" v.d.--018°28´34" v.d./050°12´56" s.š.--048°33´17" s.š.) 
260 |a Brno :  |b BOLIT-B Press,  |c 1995 
300 |a 1 mapa :  |b barev. ;  |c 35 x 48 cm, na listu 44 x 54 cm 
500 |a Obsahuje výřezy s vedutami Brna a Znojma 
546 |a Reprodukovaná mapa latinsky a německy, text o reprodukované mapě česky 
651 7 |a Brno (Česko)  |7 ge134084  |2 czenas 
651 7 |a Morava (Česko)  |7 ge130070  |2 czenas 
651 7 |a Znojmo (Česko)  |7 ge131456  |2 czenas 
655 7 |a reprodukce starých map  |7 fd692820  |2 czenas 
655 7 |a veduty  |7 fd133805  |2 czenas 
710 2 |a Bolit (firma)  |4 pbl  |4 prt 
856 4 1 |u http://www.digitalniknihovna.cz/mzk/uuid/uuid:484ee273-bf43-4379-b966-6a8ea619fa4a  |y Digitalizovaný dokument 
910 |a BOA001  |b Mpa-1011.082 
964 |a Morava  |x mapy historické  |z r.1625 
964 |a Mědirytiny  |x mapy  |y Morava  |z r.1625 
964 |a Mapy historické  |y Morava  |z r.1625 
990 |a MP 
991 |b 201308